书目信息 |
| 题名: |
简化字研究
|
|
| 作者: | 史定国 主编 | |
| 分册: | ||
| 出版信息: | 北京 商务印书馆 2004.09 |
|
| 页数: | 390页 | |
| 开本: | 20cm | |
| 丛书名: | 汉字规范问题研究丛书 | |
| 单 册: | ||
| 中图分类: | H124.2 | |
| 科图分类: | ||
| 主题词: | 汉字--文字学 , 汉字--文字学 | |
| 电子资源: | ||
| ISBN: | 7-100-04091-4 | |
| 000 | 00674nam0 2200241 450 | |
| 001 | 0477002831 | |
| 005 | 20041012212322.83 | |
| 010 | @a7-100-04091-4@dCNY 21.00 | |
| 100 | @a20041012d2004 km y0chiy0120 ea | |
| 101 | 0 | @achi |
| 102 | @aCN@b110000 | |
| 200 | 1 | @a简化字研究@Ajian hua zi yan jiu@f史定国主编@Fshi ding guo zhu bian |
| 205 | @a2004.9 | |
| 210 | @a北京@c商务印书馆@d2004.09 | |
| 215 | @a390页@d20cm | |
| 225 | 2 | @a汉字规范问题研究丛书 |
| 410 | 0 | @12001 @a汉字规范问题研究丛书 |
| 606 | 0 | @a汉字@x文字学 |
| 606 | 0 | @a汉字@x文字学 |
| 690 | @aH124.2@v4 | |
| 701 | 0 | @a史定国@Ashi ding guo@4主编 |
| 801 | 0 | @aCN@bPFT@c20041012 |
| 905 | @a10447@dH124.2@eS571 | |
| 简化字研究/史定国主编.-2004.9.-北京:商务印书馆,2004.09 |
| 390页;20cm.-(汉字规范问题研究丛书) |
| ISBN 7-100-04091-4:CNY 21.00 |
| ● |
| 相关链接 |
|
|
|
正题名:简化字研究
索取号:H124.2/S571
 
预约/预借
| 序号 | 登录号 | 条形码 | 馆藏地/架位号 | 状态 | 备注 |
| 1 | 534398 | 205343984 | 语言库209/209语言库 71排2列2层/ [索取号:H124.2/S571] | 在馆 | |
| 2 | 534399 | 205343993 | 语言库209/209语言库 71排2列2层/ [索取号:H124.2/S571] | 在馆 |